Loading...
| Fine Arts - Classical Music | 0 | 6 | 1 | 0 | 55 | 19 | 69.00 | 4 | 5 | 0.00 | 0.00 |
| Literature - American | 0 | 5 | 0 | 0 | 50 | 103 | 127.60 | 0 | 3 | 0.00 | 0.00 |
| Science - Other | 0 | 5 | 0 | 0 | 50 | 29 | 61.80 | 3 | 5 | 0.00 | 0.00 |
| Social Science | 0 | 3 | 0 | 0 | 30 | 84 | 93.67 | 2 | 3 | 0.00 | 0.00 |
| Science - Physics | 0 | 2 | 0 | 0 | 20 | 81 | 88.00 | 1 | 2 | 0.00 | 0.00 |
| Philosophy | 0 | 1 | 0 | 1 | 10 | 121 | 121.00 | 0 | 1 | 0.00 | 0.00 |
| Fine Arts - Other | 0 | 1 | 0 | 0 | 10 | 114 | 114.00 | 0 | 1 | 0.00 | 0.00 |
| History - American | 0 | 1 | 1 | 1 | 5 | 124 | 124.00 | 0 | 0 | 0.00 | 0.00 |
| Literature - British | 0 | 0 | 2 | 0 | -10 | 0.00 | 0 | 0 | 0.00 | 0.00 |